| 000 | 00757nam a22002417a 4500 | ||
|---|---|---|---|
| 999 |
_c171018 _d171018 |
||
| 005 | 20200102161058.0 | ||
| 010 | _aA-770651 | ||
| 020 | _c50.00 | ||
| 035 | _aA-770651 | ||
| 037 | _bBPPD/Pub. | ||
| 082 | _a840.8 | ||
| 100 | _aامیر عارفی | ||
| 245 |
_aلیلا کے خطوط اور مجنو کی ڑایری کا تنقیدی مطالعہ / _cامیر عارفی |
||
| 246 |
_aLaila Ke Khatoot Aur Majnu Ki Diary Ka Tanqeedi Mutalaa (Urdu) / _bby Amir Arifi |
||
| 260 |
_b- _a- _c1994 ء |
||
| 270 |
_a- _b- _e- |
||
| 300 |
_a144p. _c20cm(Hb) |
||
| 650 | _aادب -- اردو | ||
| 650 | _aاردو افسانے | ||
| 650 | _aLiterature -- urdu | ||
| 650 | _aUrdu stories | ||
| 942 |
_2ddc _cUR _h840.8 _mا م ی |
||